000
00299nam a2200121Ia 4500
008
240624s9999 xx 000 0 und d
041
_a
eng
082
_a
331 ARO
100
_a
ARORA MONAL
245
_a
INDUSTRIAL RELATIONS
260
_c
2000
_a
New Delhi
_b
Excel Books
300
_a
vii, : 312 : p. : cm. ; 24
999
_c
10
_d
10